书目信息 |
| 题名: |
生命的领地
|
|
| 作者: | 冯锦山著 | |
| 分册: | ||
| 出版信息: | 广州 中山大学出版社 2006.09 |
|
| 页数: | 205页 | |
| 开本: | 19cm | |
| 丛书名: | ||
| 单 册: | ||
| 中图分类: | X174 | |
| 科图分类: | ||
| 主题词: | 环境科学∶动物学 | |
| 电子资源: | ||
| ISBN: | 7-306-02750-6 | |
| 000 | 00646nam0 2200217 45 | |
| 001 | 010456243372 | |
| 005 | 20070607162153.03 | |
| 010 | @a7-306-02750-6@dCNY18.00 | |
| 100 | @a20061027d2006 ekmy0 y0120 ea | |
| 102 | @aCN@b440000 | |
| 105 | @ay z 000yy | |
| 200 | 1 | @a生命的领地@e风水与命运@f冯锦山著 |
| 210 | @a广州@c中山大学出版社@d2006.09 | |
| 215 | @a205页@d19cm | |
| 330 | @a本书结合古今中外的相关实例,围绕环境对动物特别是人类生存与发展的重要性这个基本命题,从科学的角度加以述说。 | |
| 606 | 1 | @a环境科学∶动物学 |
| 690 | @aX174@v4 | |
| 701 | 0 | @a冯锦山著 |
| 801 | 0 | @aCN@c20070607 |
| 905 | @dX174@eF476 | |
| 906 | @dCNY18.00@n3@r1 | |
| 生命的领地:风水与命运/冯锦山著.-广州:中山大学出版社,2006.09 |
| 205页;19cm |
| ISBN 7-306-02750-6:CNY18.00 |
| 本书结合古今中外的相关实例,围绕环境对动物特别是人类生存与发展的重要性这个基本命题,从科学的角度加以述说。 |
| ● |
| 相关链接 |
|
|
|
正题名:生命的领地
索取号:X174/F476
 
预约/预借
| 序号 | 登录号 | 条形码 | 馆藏地/架位号 | 状态 | 备注 |
| 1 | 230393 | 202303934 | 自科库501/501自科库 63排5列5层/ [索取号:X174/F476] | 在馆 | |
| 2 | 230394 | 202303943 | 自科库501/ [索取号:X174/F476] | 在馆 | |
| 3 | 230395 | 202303952 | 自科库501/501自科库 63排5列5层/ [索取号:X174/F476] | 在馆 |